| 000 | 00441nam a2200157Ia 4500 | ||
|---|---|---|---|
| 008 | 210210b2005 xxu||||| |||| 00| 0 eng d | ||
| 020 | _a81 7866 474 7 | ||
| 082 | _a658.562 BHAT | ||
| 100 | _aBHAT ( K Shridhara). | ||
| 245 | _aTotal quality management: text and cases. | ||
| 260 |
_aMumbai _bHimalaya Publishing House _c2005 |
||
| 300 | _a758 | ||
| 650 | _aTotal Quality Management | ||
| 690 | _aProduction Management | ||
| 906 | _a060830 | ||
| 999 |
_c107558 _d107558 |
||